[Event "76th ch-RUS 2023"]
[Site "St Petersburg RUS"]
[Date "2023.10.01"]
[Round "1.1"]
[White "Artemiev, Vladislav"]
[Black "Ponkratov, Pavel"]
[Result "1/2-1/2"]
[WhiteTitle "GM"]
[BlackTitle "GM"]
[WhiteElo "2697"]
[BlackElo "2595"]
[WhiteFideId "24101605"]
[BlackFideId "4157800"]
[EventDate "2023.10.01"]

1. d4 Nf6 2. c4 g6 3. Nc3 d5 4. cxd5 Nxd5 5. g3 Bg7 6. Bg2 Nxc3 7. bxc3 c5 8.
Nf3 cxd4 9. Nxd4 O-O 10. O-O Nc6 11. Be3 Na5 12. Qd3 Bd7 13. Nb3 Nxb3 14. axb3
Be6 15. Qxd8 Rfxd8 16. Rfc1 Rd7 17. Rxa7 Rxa7 18. Bxa7 Bxb3 19. Bb6 Rd1+ 20.
Rxd1 Bxd1 21. Ba5 b6 22. Bxb6 Bxc3 1/2-1/2

[Event "76th ch-RUS 2023"]
[Site "St Petersburg RUS"]
[Date "2023.10.01"]
[Round "1.2"]
[White "Tomashevsky, Evgeny"]
[Black "Goryachkina, Aleksandra"]
[Result "1/2-1/2"]
[WhiteTitle "GM"]
[BlackTitle "GM"]
[WhiteElo "2694"]
[BlackElo "2558"]
[WhiteFideId "4147235"]
[BlackFideId "4147103"]
[EventDate "2023.10.01"]

1. e4 e5 2. Nf3 Nc6 3. Bb5 Nf6 4. d3 Bc5 5. Bxc6 dxc6 6. O-O Nd7 7. c3 O-O 8. d4
Bd6 9. Bg5 f6 10. Bh4 a5 11. Nbd2 a4 12. Re1 Qe8 13. Bg3 Qf7 14. Qc2 exd4 15.
cxd4 Bxg3 16. hxg3 Nb6 17. b4 a3 18. Re3 Ra4 19. Rc3 Rxb4 20. Rxa3 Be6 21. Ra5
Nc4 22. Qc3 Nxa5 23. Qxb4 b6 24. a4 Rd8 25. Qc3 Bg4 26. Ne1 Qd7 27. Nc2 Be6 28.
Nf3 Bf7 29. Ne3 Bh5 30. d5 cxd5 31. Nxd5 Bf7 32. Rd1 Bxd5 33. Rxd5 Qe7 34. Qd3
Rd6 35. Qa6 Rxd5 36. exd5 Qd7 37. Nd4 Kf7 38. Qa7 g6 39. Nb5 Qxd5 40. Qxc7+ Kg8
41. f3 Qd2 42. Qe7 Qc1+ 43. Kh2 Qh6+ 44. Kg1 Qc1+ 45. Kf2 Qc2+ 46. Qe2 Qxe2+ 47.
Kxe2 Kf7 48. Kd3 Ke6 49. Kc3 f5 50. Kb4 Ke5 1/2-1/2

[Event "76th ch-RUS 2023"]
[Site "St Petersburg RUS"]
[Date "2023.10.01"]
[Round "1.3"]
[White "Sychev, Klementy"]
[Black "Najer, Evgeniy"]
[Result "1/2-1/2"]
[WhiteTitle "GM"]
[BlackTitle "GM"]
[WhiteElo "2552"]
[BlackElo "2648"]
[WhiteFideId "4114060"]
[BlackFideId "4118987"]
[EventDate "2023.10.01"]

1. Nf3 d5 2. d4 Nf6 3. c4 e6 4. Nc3 c6 5. Bg5 h6 6. Bxf6 Qxf6 7. e3 g6 8. cxd5
exd5 9. Qb3 Bg7 10. Bd3 O-O 11. O-O Qe7 12. Rfe1 Bg4 13. Ne5 Be6 14. f4 Rd8 15.
Na4 Bc8 16. Rac1 Nd7 17. Qc3 Nxe5 18. fxe5 h5 19. Rc2 1/2-1/2

[Event "76th ch-RUS 2023"]
[Site "St Petersburg RUS"]
[Date "2023.10.01"]
[Round "1.4"]
[White "Rozum, Ivan"]
[Black "Esipenko, Andrey"]
[Result "1-0"]
[WhiteTitle "GM"]
[BlackTitle "GM"]
[WhiteElo "2531"]
[BlackElo "2683"]
[WhiteFideId "24104272"]
[BlackFideId "24175439"]
[EventDate "2023.10.01"]

1. d4 d5 2. c4 e6 3. Nf3 Nf6 4. g3 Be7 5. Bg2 O-O 6. O-O dxc4 7. Qc2 c6 8. Qxc4
b5 9. Qd3 Nbd7 10. Be3 h6 11. Rc1 Nd5 12. Nbd2 Qc7 13. Nb3 a5 14. Bd2 a4 15. e4
Nb4 16. Bxb4 Bxb4 17. a3 Be7 18. Nc5 Nxc5 19. dxc5 e5 20. Qc3 f6 21. Nh4 Be6 22.
Nf5 Rfd8 23. Bf3 Bf8 24. Bg4 Bf7 25. Rd1 Bb3 26. Rxd8 Rxd8 27. Rc1 g6 28. Nh4 h5
29. Be2 Bh6 30. f4 exf4 31. Qxf6 Bg7 32. Qxg6 Qf7 33. e5 Rd2 34. Bf3 Qxg6 35.
Nxg6 Kh7 36. Nxf4 Bxe5 37. Bxc6 Bxb2 38. Be4+ Kh6 39. c6 Rd8 40. c7 Rc8 41. Rc6+
Kg7 42. Bf5 1-0

[Event "76th ch-RUS 2023"]
[Site "St Petersburg RUS"]
[Date "2023.10.01"]
[Round "1.5"]
[White "Lagno, Kateryna"]
[Black "Matlakov, Maxim"]
[Result "1-0"]
[WhiteTitle "GM"]
[BlackTitle "GM"]
[WhiteElo "2546"]
[BlackElo "2674"]
[WhiteFideId "14109336"]
[BlackFideId "4168003"]
[EventDate "2023.10.01"]

1. e4 c5 2. Nf3 Nc6 3. d4 cxd4 4. Nxd4 Nf6 5. Nc3 e5 6. Ndb5 d6 7. Bg5 a6 8. Na3
b5 9. Bxf6 gxf6 10. Nd5 f5 11. g3 fxe4 12. Bg2 Bg7 13. Bxe4 Be6 14. Qh5 Rc8 15.
O-O Ne7 16. Rad1 Rc5 17. Nxe7 Qxe7 18. b4 Rc3 19. Nb1 Rc4 20. Nd2 Rxb4 21. c3
Ra4 22. c4 h6 23. Bc6+ Kf8 24. Ne4 Rxc4 25. Rxd6 Rxe4 26. Rxe6 Qxe6 27. Bxe4 Ke7
28. Rc1 Rc8 29. Rxc8 Qxc8 30. Bd5 Qe8 31. Qf3 b4 32. Qg4 Qb5 33. Bb3 Kf8 34.
Qc8+ Qe8 35. Qxa6 Kg8 36. Qc4 e4 37. Kg2 Qe7 38. Qd5 e3 39. fxe3 Be5 40. Qe4 Kg7
41. Qg4+ Qg5 42. Qxb4 Qxe3 43. Qc4 Qd2+ 44. Kf3 Qc3+ 45. Ke4 Qxc4+ 46. Bxc4 Bc7
47. Kf5 Bb6 48. a4 Bg1 49. h3 Bf2 50. g4 Be1 51. Ke5 f6+ 52. Kd6 h5 53. Kc6 hxg4
54. hxg4 Kf8 55. Kb6 Bf2+ 56. Ka6 Ke7 57. a5 1-0

[Event "76th ch-RUS 2023"]
[Site "St Petersburg RUS"]
[Date "2023.10.01"]
[Round "1.6"]
[White "Murzin, Volodar"]
[Black "Timofeev, Artyom"]
[Result "1/2-1/2"]
[WhiteTitle "GM"]
[BlackTitle "GM"]
[WhiteElo "2633"]
[BlackElo "2576"]
[WhiteFideId "44155573"]
[BlackFideId "4140419"]
[EventDate "2023.10.01"]

1. d4 d5 2. c4 c6 3. Nc3 Nf6 4. Nf3 e6 5. Bg5 h6 6. Bh4 Be7 7. e3 O-O 8. Bd3 b6
9. O-O Bb7 10. cxd5 Nxd5 11. Bxe7 Qxe7 12. Nxd5 exd5 13. Rc1 c5 14. dxc5 bxc5
15. b4 c4 16. Bc2 Rd8 17. a4 a6 18. Qd2 Nc6 19. Rb1 Qf6 20. Rfd1 Bc8 21. Nd4 Ne7
22. b5 axb5 23. axb5 Bg4 24. Rdc1 Bf5 25. Ra1 Bxc2 26. Qxc2 g6 27. Ra4 Nf5 28.
Nc6 Re8 29. h3 Ne7 30. Rxa8 Rxa8 31. e4 1/2-1/2

[Event "76th ch-RUS 2023"]
[Site "St Petersburg RUS"]
[Date "2023.10.02"]
[Round "2.1"]
[White "Ponkratov, Pavel"]
[Black "Timofeev, Artyom"]
[Result "1/2-1/2"]
[WhiteTitle "GM"]
[BlackTitle "GM"]
[WhiteElo "2595"]
[BlackElo "2576"]
[WhiteFideId "4157800"]
[BlackFideId "4140419"]
[EventDate "2023.10.01"]

1. d4 d5 2. c4 c6 3. Nc3 Nf6 4. Nf3 dxc4 5. g3 g6 6. e4 b5 7. e5 Nd5 8. Bg2 Bf5
9. O-O e6 10. Ne1 h5 11. a4 b4 12. Ne4 Nd7 13. Qe2 c3 14. a5 Be7 15. bxc3 Bxe4
16. Bxe4 Nxc3 17. Qf3 Nxe4 18. Qxe4 c5 19. d5 exd5 20. Qxd5 O-O 21. Bb2 c4 1/2-1/2

[Event "76th ch-RUS 2023"]
[Site "St Petersburg RUS"]
[Date "2023.10.02"]
[Round "2.2"]
[White "Matlakov, Maxim"]
[Black "Murzin, Volodar"]
[Result "1-0"]
[WhiteTitle "GM"]
[BlackTitle "GM"]
[WhiteElo "2674"]
[BlackElo "2633"]
[WhiteFideId "4168003"]
[BlackFideId "44155573"]
[EventDate "2023.10.01"]

1. d4 d5 2. c4 e6 3. Nf3 Nf6 4. g3 Be7 5. Bg2 O-O 6. O-O dxc4 7. Qc2 c6 8. Qxc4
b5 9. Qb3 Bb7 10. Rd1 Nbd7 11. Nc3 a6 12. Bg5 c5 13. dxc5 Qe8 14. Bxf6 Nxc5 15.
Qb4 gxf6 16. Qf4 Kh8 17. b4 Na4 18. Nxa4 bxa4 19. a3 Rc8 20. Qe3 Bd5 21. Rxd5
exd5 22. Bh3 Rd8 23. Bf5 Rg8 24. Rd1 Bd6 25. Qh6 Rg7 26. Rd4 Qxe2 27. Bxh7 1-0

[Event "76th ch-RUS 2023"]
[Site "St Petersburg RUS"]
[Date "2023.10.02"]
[Round "2.3"]
[White "Esipenko, Andrey"]
[Black "Lagno, Kateryna"]
[Result "1-0"]
[WhiteTitle "GM"]
[BlackTitle "GM"]
[WhiteElo "2683"]
[BlackElo "2546"]
[WhiteFideId "24175439"]
[BlackFideId "14109336"]
[EventDate "2023.10.01"]

1. c4 e6 2. g3 d5 3. Bg2 d4 4. Nf3 Nc6 5. O-O Nf6 6. e3 e5 7. exd4 exd4 8. d3
Be7 9. Na3 O-O 10. Nc2 Bf5 11. a3 a5 12. b3 Qd7 13. Re1 Rfe8 14. Qd2 Bd6 15. Bb2
Ne5 16. Ncxd4 Bg6 17. Bf1 Bh5 18. Nxe5 Bxe5 19. Nb5 Bxb2 20. Qxb2 c6 21. Nd4
Rxe1 22. Rxe1 Rd8 23. Nc2 c5 24. b4 axb4 25. axb4 cxb4 26. Qxb4 Bf3 27. Re7 Qc6
28. Ne1 Bd5 29. cxd5 Nxd5 30. Qd4 1-0

[Event "76th ch-RUS 2023"]
[Site "St Petersburg RUS"]
[Date "2023.10.02"]
[Round "2.4"]
[White "Najer, Evgeniy"]
[Black "Rozum, Ivan"]
[Result "1-0"]
[WhiteTitle "GM"]
[BlackTitle "GM"]
[WhiteElo "2648"]
[BlackElo "2531"]
[WhiteFideId "4118987"]
[BlackFideId "24104272"]
[EventDate "2023.10.01"]

1. e4 c6 2. d4 d5 3. e5 Bf5 4. g4 Be4 5. f3 Bg6 6. e6 fxe6 7. h4 h5 8. Bd3 Bxd3
9. Qxd3 Qd6 10. Bg5 Nd7 11. Qg6+ Kd8 12. Nd2 Ngf6 13. O-O-O e5 14. gxh5 exd4 15.
f4 e5 16. fxe5 Nxe5 17. Qf5 Nf7 18. Rf1 Nxg5 19. hxg5 Nd7 20. Ne2 Kc7 21. Nf4
Be7 22. Re1 Rhe8 23. Ne6+ Kb6 24. Nxg7 Rf8 25. Qg4 Rf4 26. Qg3 Rf7 27. Qxd6 Bxd6
28. Ne6 Rg8 29. g6 Rf6 30. Nxd4 Bf4 31. Ref1 Ne5 32. Ne2 Bxd2+ 33. Kxd2 Nc4+ 34.
Ke1 Re6 35. Rfg1 Ne5 36. Rg3 Kc5 37. b3 Kd6 38. Kd2 c5 39. Nf4 Rf6 40. h6 Rxf4
41. g7 1-0

[Event "76th ch-RUS 2023"]
[Site "St Petersburg RUS"]
[Date "2023.10.02"]
[Round "2.5"]
[White "Goryachkina, Aleksandra"]
[Black "Sychev, Klementy"]
[Result "1/2-1/2"]
[WhiteTitle "GM"]
[BlackTitle "GM"]
[WhiteElo "2558"]
[BlackElo "2552"]
[WhiteFideId "4147103"]
[BlackFideId "4114060"]
[EventDate "2023.10.01"]

1. c4 c5 2. Nf3 Nf6 3. Nc3 e6 4. g3 d5 5. cxd5 exd5 6. d4 Nc6 7. Bg2 cxd4 8.
Nxd4 Bc5 9. Nxc6 bxc6 10. O-O O-O 11. Na4 Bb6 12. Nxb6 axb6 13. Qc2 Bd7 14. a4
Re8 15. b4 Ne4 16. Bb2 Qe7 17. Qb3 Qg5 18. Rfd1 Qf5 19. Qe3 c5 20. bxc5 bxc5 21.
Bxe4 Qxe4 22. Qxe4 Rxe4 23. Rxd5 Rxe2 24. Rxd7 Rxb2 25. Rc7 g6 26. Rxc5 Ra6 27.
a5 Kg7 28. Ra4 Rf6 29. Rf4 Rxf4 30. gxf4 Ra2 31. Kg2 Ra3 32. h4 Kf6 33. f3 Ra2+
34. Kg3 h5 35. Rb5 Ra4 36. Rb6+ Kf5 37. a6 Ra2 38. Rb5+ Kf6 39. Rb6+ Kf5 40. Rc6
Ra3 41. Rc5+ Kf6 42. Rc6+ Kf5 43. Rc7 Rxa6 44. Rxf7+ Ke6 45. Rb7 Kf6 46. Rb5 Ra1
47. Rb6+ Kf5 48. Rb5+ 1/2-1/2

[Event "76th ch-RUS 2023"]
[Site "St Petersburg RUS"]
[Date "2023.10.02"]
[Round "2.6"]
[White "Artemiev, Vladislav"]
[Black "Tomashevsky, Evgeny"]
[Result "1-0"]
[WhiteTitle "GM"]
[BlackTitle "GM"]
[WhiteElo "2697"]
[BlackElo "2694"]
[WhiteFideId "24101605"]
[BlackFideId "4147235"]
[EventDate "2023.10.01"]

1. d4 Nf6 2. c4 e6 3. Nc3 Bb4 4. Qc2 O-O 5. a3 Bxc3+ 6. Qxc3 d5 7. cxd5 Ne4 8.
Qc2 exd5 9. Bf4 Nc6 10. e3 Re8 11. Nf3 g5 12. Bg3 g4 13. Ne5 Nxe5 14. dxe5 Bf5
15. Bd3 Nxg3 16. hxg3 Bg6 17. Bxg6 fxg6 18. Qb3 b6 19. Qa4 Rxe5 20. Qxg4 Qc8 21.
Qa4 Qe8 22. Qc2 c5 23. O-O Rd8 24. Rfd1 Qf7 25. b4 d4 26. exd4 Rxd4 27. bxc5
Rxc5 28. Qb2 Rxd1+ 29. Rxd1 Qe7 30. g4 h6 31. g3 Kh7 32. Rd3 Rc7 33. Kh2 Qg7 34.
Qd2 Rf7 35. Rd6 Rf6 36. Rd5 Rf7 37. f4 Qa1 38. Rd6 Qxa3 39. f5 g5 40. Qd4 Rg7
41. Qf6 Qa2+ 42. Kh3 Qc4 43. Qxh6+ Kg8 44. Rd8+ Kf7 45. Rd7+ Ke8 46. Rd1 1-0

[Event "76th ch-RUS 2023"]
[Site "St Petersburg RUS"]
[Date "2023.10.03"]
[Round "3.1"]
[White "Tomashevsky, Evgeny"]
[Black "Ponkratov, Pavel"]
[Result "1/2-1/2"]
[WhiteTitle "GM"]
[BlackTitle "GM"]
[WhiteElo "2694"]
[BlackElo "2595"]
[WhiteFideId "4147235"]
[BlackFideId "4157800"]
[EventDate "2023.10.01"]

1. e4 e5 2. Nf3 Nc6 3. Bb5 a6 4. Ba4 Nge7 5. Nc3 Ng6 6. h4 Nf4 7. d4 exd4 8.
Bxf4 dxc3 9. bxc3 Bc5 10. Qd5 d6 11. Bxc6+ bxc6 12. Qxc6+ Bd7 13. Qd5 O-O 14.
O-O h6 1/2-1/2

[Event "76th ch-RUS 2023"]
[Site "St Petersburg RUS"]
[Date "2023.10.03"]
[Round "3.2"]
[White "Sychev, Klementy"]
[Black "Artemiev, Vladislav"]
[Result "0-1"]
[WhiteTitle "GM"]
[BlackTitle "GM"]
[WhiteElo "2552"]
[BlackElo "2697"]
[WhiteFideId "4114060"]
[BlackFideId "24101605"]
[EventDate "2023.10.01"]

1. e4 e5 2. Nf3 Nc6 3. Bb5 Nge7 4. Nc3 Ng6 5. d4 Nxd4 6. Nxd4 exd4 7. Qxd4 c6 8.
Be2 Qb6 9. Qd2 Be7 10. b3 O-O 11. Bb2 d6 12. O-O f5 13. exf5 Bxf5 14. Na4 Qd8
15. c4 a6 16. Rad1 b5 17. Nc3 Qb6 18. Kh1 Rae8 19. Ba1 Bf6 20. Bd3 Bxd3 21. Qxd3
bxc4 22. bxc4 Be5 23. Ne4 Bxa1 24. Rxa1 Nf4 25. Qc2 Qd4 26. f3 d5 27. cxd5 cxd5
28. Ng5 Qd3 29. Qxd3 Nxd3 30. Rad1 Nb4 31. Rd2 Re3 32. Kg1 Rc8 33. Rfd1 a5 34.
Nh3 Ra3 35. Nf4 Rxa2 36. Rxa2 Nxa2 37. Nxd5 Rc1 38. Rxc1 Nxc1 39. Nc3 Nd3 40.
Kf1 Kf7 41. g3 Ke6 42. Ke2 Nb4 43. f4 Kd6 44. Kd2 Kc5 45. Kc1 Nd3+ 46. Kc2 Nf2
47. Kb3 Ng4 48. Ka4 Nxh2 49. Kxa5 Nf1 50. g4 Ne3 51. Ne4+ Kd5 52. Nf2 Nxg4 53.
Nxg4 Ke4 54. Kb4 Kxf4 55. Nf2 Kf3 56. Nd3 h5 57. Kc3 h4 58. Kd2 h3 0-1

[Event "76th ch-RUS 2023"]
[Site "St Petersburg RUS"]
[Date "2023.10.03"]
[Round "3.3"]
[White "Rozum, Ivan"]
[Black "Goryachkina, Aleksandra"]
[Result "0-1"]
[WhiteTitle "GM"]
[BlackTitle "GM"]
[WhiteElo "2531"]
[BlackElo "2558"]
[WhiteFideId "24104272"]
[BlackFideId "4147103"]
[EventDate "2023.10.01"]

1. c4 c6 2. Nf3 d5 3. g3 g6 4. Bg2 Bg7 5. O-O Nf6 6. b3 Ne4 7. d4 O-O 8. Bb2 Bf5
9. Nh4 Be6 10. Qc2 Nd6 11. Nd2 a5 12. e4 dxe4 13. Nxe4 Nxe4 14. Bxe4 Bh3 15.
Rfd1 Nd7 16. Qe2 a4 17. Bf3 axb3 18. axb3 Qb6 19. Qc2 Rxa1 20. Bxa1 Ra8 21. Bg2
Bxg2 22. Kxg2 Ra3 23. Rb1 c5 24. Qe4 cxd4 25. Qxe7 Qc6+ 26. Kg1 Ra8 27. Qe1 Bf6
28. Rd1 Nc5 29. Bxd4 Bxd4 30. Rxd4 Nxb3 31. Rd1 Qxc4 32. Qe7 Qc6 33. Qg5 Nd4 34.
Qe3 Ne6 35. Nf3 Qc2 36. Rc1 Qb2 37. Kg2 Rd8 38. h4 Qb5 39. Ng5 Qd5+ 40. Kg1 Nxg5
41. hxg5 Qe6 42. Qf4 Rc8 43. Rb1 Qd5 44. Qg4 Rc4 45. Qe2 Re4 46. Qc2 Re8 47. Qc7
Qxg5 48. Qxb7 Qf5 49. Rc1 h5 50. Qc6 Rb8 51. Qc2 Qg4 52. Qc7 Re8 53. Qc6 Rd8 54.
Kg2 Qg5 55. Rc4 Qe5 56. Re4 Qa1 57. Rf4 Qa7 58. Qe4 Qd7 59. Qf3 Re8 60. Kh2 Re5
61. Kg2 Rd5 62. Kh2 Rd4 63. Qa8+ Kh7 64. Rxd4 Qxd4 65. Kg1 Kg7 66. Qf3 Qa1+ 67.
Kg2 Qe5 68. Kg1 Qe1+ 69. Kg2 Qe6 70. Kg1 Qc4 71. Kg2 Kf8 72. Qa8+ Ke7 73. Qb7+
Kd6 74. Qb8+ Kd5 75. Qb7+ Kd4 76. Qb2+ Ke4 77. Qb1+ Ke5 78. Qa1+ Ke6 79. Kg1 Kf5
80. Qd1 Kg5 81. Qd8+ f6 82. Qd7 h4 83. gxh4+ Qxh4 84. Qd5+ Kh6 85. Qd8 Qg4+ 86.
Kf1 Qc4+ 87. Kg1 Kg5 88. Qe7 Qg4+ 89. Kf1 Qd1+ 90. Kg2 Qd4 91. Qb7 Qg4+ 92. Kf1
Qc4+ 93. Kg2 Kf5 94. Qf3+ Ke6 95. Qh3+ f5 96. Qh8 Qe4+ 97. Kg1 Qe1+ 98. Kg2 Qe4+
99. Kg1 f4 100. Qf8 f3 101. Qc8+ Kf6 102. Qd8+ Kf5 103. Qc8+ Kg5 104. Qd8+ Kg4
105. Qc8+ Qf5 106. Qc7 Kh4 107. Qh7+ Qh5 108. Qc7 Qg5+ 109. Kf1 Qg2+ 110. Ke1
Qg1+ 111. Kd2 Qxf2+ 112. Kd3 Qe2+ 113. Kd4 g5 0-1

[Event "76th ch-RUS 2023"]
[Site "St Petersburg RUS"]
[Date "2023.10.03"]
[Round "3.4"]
[White "Lagno, Kateryna"]
[Black "Najer, Evgeniy"]
[Result "0-1"]
[WhiteTitle "GM"]
[BlackTitle "GM"]
[WhiteElo "2546"]
[BlackElo "2648"]
[WhiteFideId "14109336"]
[BlackFideId "4118987"]
[EventDate "2023.10.01"]

1. e4 c5 2. Nf3 d6 3. d4 cxd4 4. Nxd4 Nf6 5. Nc3 Nc6 6. Bg5 e6 7. Qd3 Bd7 8.
O-O-O a6 9. f4 Be7 10. Be2 h6 11. Bh4 Qc7 12. Nxc6 Bxc6 13. Bf3 Rd8 14. Rhe1 O-O
15. Qd4 b5 16. g4 b4 17. Ne2 e5 18. Qc4 Rc8 19. Ng3 g6 20. g5 Nh7 21. f5 Kh8 22.
f6 hxg5 23. fxe7 Qxe7 24. Qxb4 gxh4 25. Ne2 Ng5 26. Bg4 Rcd8 27. Nc3 f5 28. exf5
gxf5 29. Be2 Nf3 30. Rf1 Nxh2 31. Rg1 Nf3 32. Rg6 Kh7 33. Rdxd6 Rxd6 34. Rxd6
Rf6 0-1

[Event "76th ch-RUS 2023"]
[Site "St Petersburg RUS"]
[Date "2023.10.03"]
[Round "3.5"]
[White "Murzin, Volodar"]
[Black "Esipenko, Andrey"]
[Result "1/2-1/2"]
[WhiteTitle "GM"]
[BlackTitle "GM"]
[WhiteElo "2633"]
[BlackElo "2683"]
[WhiteFideId "44155573"]
[BlackFideId "24175439"]
[EventDate "2023.10.01"]

1. e4 e5 2. Nf3 Nc6 3. Bc4 Nf6 4. Ng5 d5 5. exd5 Na5 6. Bb5+ Bd7 7. Qe2 Be7 8.
Nc3 Bxb5 9. Qxb5+ c6 10. dxc6 Nxc6 11. O-O O-O 12. Qe2 Nd4 13. Qd1 Rc8 14. d3
Bb4 15. Bd2 Nd5 16. Nge4 Nf4 17. Bxf4 exf4 18. Ne2 Nxe2+ 19. Qxe2 f5 20. Nd2
Rxc2 21. Qe6+ Kh8 22. Qb3 Rxd2 23. Qxb4 Rxd3 24. Qxf4 Qd6 25. Qxd6 Rxd6 26. Rfd1
Rfd8 27. Rxd6 Rxd6 28. Kf1 Rd2 29. Re1 Kg8 30. Re2 Rd1+ 31. Re1 Rd2 32. Re2 1/2-1/2

[Event "76th ch-RUS 2023"]
[Site "St Petersburg RUS"]
[Date "2023.10.03"]
[Round "3.6"]
[White "Timofeev, Artyom"]
[Black "Matlakov, Maxim"]
[Result "1/2-1/2"]
[WhiteTitle "GM"]
[BlackTitle "GM"]
[WhiteElo "2576"]
[BlackElo "2674"]
[WhiteFideId "4140419"]
[BlackFideId "4168003"]
[EventDate "2023.10.01"]

1. e4 e5 2. Nf3 Nc6 3. Bb5 Nge7 4. Nc3 Ng6 5. d3 a6 6. Ba4 b5 7. Bb3 Na5 8. Bg5
f6 9. Be3 Nxb3 10. axb3 b4 11. Nd5 Rb8 12. Ba7 Ra8 13. Be3 Rb8 14. Ba7 Rb5 15.
c4 Rb7 16. Rxa6 c6 17. Ne3 c5 18. Nd5 d6 19. Qa1 Be7 20. Bb6 Qd7 21. Qa4 O-O 22.
Qxd7 Rxd7 23. Ra5 Bb7 24. Kd2 f5 25. Ke3 Nf4 26. g3 Ne6 27. h4 Bd8 28. Bxd8 Nxd8
29. Rf1 h6 1/2-1/2

[Event "76th ch-RUS 2023"]
[Site "St Petersburg RUS"]
[Date "2023.10.04"]
[Round "4.1"]
[White "Ponkratov, Pavel"]
[Black "Matlakov, Maxim"]
[Result "1/2-1/2"]
[WhiteTitle "GM"]
[BlackTitle "GM"]
[WhiteElo "2595"]
[BlackElo "2674"]
[WhiteFideId "4157800"]
[BlackFideId "4168003"]
[EventDate "2023.10.01"]

1. Nf3 Nf6 2. c4 e6 3. g3 d5 4. Bg2 dxc4 5. Qc2 Qd5 6. Nc3 Qc5 7. d4 cxd3 8.
Qxd3 Be7 9. Bf4 O-O 10. Rc1 Rd8 11. Qb1 c6 12. e4 Qa5 13. Bd2 Qc7 14. Bf4 Qa5
15. Bd2 Qc7 16. Bf4 Qa5 1/2-1/2

[Event "76th ch-RUS 2023"]
[Site "St Petersburg RUS"]
[Date "2023.10.04"]
[Round "4.2"]
[White "Esipenko, Andrey"]
[Black "Timofeev, Artyom"]
[Result "1/2-1/2"]
[WhiteTitle "GM"]
[BlackTitle "GM"]
[WhiteElo "2683"]
[BlackElo "2576"]
[WhiteFideId "24175439"]
[BlackFideId "4140419"]
[EventDate "2023.10.01"]

1. d4 d5 2. c4 c6 3. Nc3 Nf6 4. e3 g6 5. Nf3 Bg7 6. Be2 O-O 7. a4 Na6 8. O-O Nc7
9. h3 Bf5 10. b4 Ne4 11. Qb3 dxc4 12. Bxc4 b5 13. Be2 Qd6 14. Nxe4 Bxe4 15. Bd2
e5 16. dxe5 Bxe5 17. Nxe5 Qxd2 18. Bf3 Bxf3 19. Nxf3 Qd5 20. Qc2 Na6 21. Qb2
Rfd8 22. Rfc1 c5 23. axb5 Nxb4 24. Ne5 h5 25. Qc3 Na2 26. Rxa2 Qxa2 27. Nc6 Rd7
28. Qxc5 Re8 29. Nd4 1/2-1/2

[Event "76th ch-RUS 2023"]
[Site "St Petersburg RUS"]
[Date "2023.10.04"]
[Round "4.3"]
[White "Najer, Evgeniy"]
[Black "Murzin, Volodar"]
[Result "1/2-1/2"]
[WhiteTitle "GM"]
[BlackTitle "GM"]
[WhiteElo "2648"]
[BlackElo "2633"]
[WhiteFideId "4118987"]
[BlackFideId "44155573"]
[EventDate "2023.10.01"]

1. d4 Nf6 2. c4 g6 3. Nc3 Bg7 4. e4 O-O 5. Nf3 d6 6. Be2 e5 7. O-O Nc6 8. d5 Ne7
9. b4 a5 10. bxa5 Rxa5 11. a4 Ra8 12. Nd2 Ne8 13. Nb3 f5 14. c5 fxe4 15. Nxe4
Bf5 16. Ng5 dxc5 17. Nxc5 Qxd5 18. Be3 Qxd1 19. Rfxd1 Nd6 20. g4 Bc2 21. Rd2 e4
22. Rc1 Bd3 23. Nxd3 exd3 24. Rxd3 Nc6 25. Bd1 Bh6 26. Bb3+ Kh8 27. Rxc6 bxc6
28. Bd4+ Bg7 29. Rh3 h5 30. Bxg7+ Kxg7 31. Ne6+ Kh6 32. g5+ Kh7 33. Nxf8+ Rxf8
34. Re3 Nf5 35. Rd3 Nd6 36. Rc3 Rf5 37. h4 c5 38. Bc2 Rd5 39. Re3 Nf5 40. Bxf5
gxf5 41. a5 c4 42. a6 Ra5 43. Re7+ Kg8 44. Rxc7 Rxa6 45. Kg2 Ra4 46. Kg3 c3 47.
Rxc3 Rg4+ 48. Kh3 f4 49. Rc4 Kg7 50. Ra4 Kg6 51. Ra6+ Kf5 52. Ra5+ Ke4 53. Ra3
Kf5 54. Ra1 Ke4 55. Ra3 Kf5 56. Rb3 Ke5 57. Rc3 Kf5 58. Rc8 Ke4 59. Rc3 Kf5 60.
f3 Rg3+ 61. Kh2 Ke5 62. Rd3 Ke6 63. Ra3 Ke5 64. Rd3 Ke6 65. Rb3 Ke5 66. Ra3 Ke6
67. Ra6+ Ke5 68. Rh6 Kd4 69. Rxh5 Ke3 70. Rh6 Kf2 71. Rf6 Rg2+ 72. Kh3 1/2-1/2

[Event "76th ch-RUS 2023"]
[Site "St Petersburg RUS"]
[Date "2023.10.04"]
[Round "4.4"]
[White "Goryachkina, Aleksandra"]
[Black "Lagno, Kateryna"]
[Result "1/2-1/2"]
[WhiteTitle "GM"]
[BlackTitle "GM"]
[WhiteElo "2558"]
[BlackElo "2546"]
[WhiteFideId "4147103"]
[BlackFideId "14109336"]
[EventDate "2023.10.01"]

1. d4 Nf6 2. c4 e6 3. Nf3 d5 4. Nc3 Nbd7 5. Bf4 dxc4 6. e3 b5 7. Nxb5 Bb4+ 8.
Nd2 Nd5 9. Bg3 N7b6 10. a3 Ba5 11. Rc1 O-O 12. Nc3 Bb7 13. Bxc4 Nxc4 14. Nxc4
Bxc3+ 15. bxc3 Nb6 16. Nxb6 axb6 17. O-O Rxa3 18. Qg4 Qd7 19. c4 Ra4 20. Rfd1
Qe7 21. h3 h6 22. Bf4 Kh7 23. Qg3 Rc8 24. d5 Ba6 25. Rd4 exd5 26. cxd5 Rxd4 27.
exd4 Qe4 28. Be5 f6 29. Rxc7 Rxc7 30. Bxc7 Qxd5 31. Bxb6 Bc8 32. Bc5 Bf5 33. Kh2
Be4 34. f3 Bg6 35. Qc7 Bf7 36. Qd6 1/2-1/2

[Event "76th ch-RUS 2023"]
[Site "St Petersburg RUS"]
[Date "2023.10.04"]
[Round "4.5"]
[White "Artemiev, Vladislav"]
[Black "Rozum, Ivan"]
[Result "1-0"]
[WhiteTitle "GM"]
[BlackTitle "GM"]
[WhiteElo "2697"]
[BlackElo "2531"]
[WhiteFideId "24101605"]
[BlackFideId "24104272"]
[EventDate "2023.10.01"]

1. e4 c6 2. d4 d5 3. e5 Bf5 4. h4 h5 5. c4 e6 6. Nc3 dxc4 7. Bxc4 Nd7 8. Nge2
Be7 9. Be3 Bxh4 10. Nf4 Bg4 11. Be2 Bxe2 12. Qxe2 g6 13. g4 hxg4 14. Ne4 Nh6 15.
Ng2 Nf5 16. O-O-O Nxe3 17. fxe3 f5 18. Nd6+ Kf8 19. Nf4 Kg8 20. Qc4 Nf8 21. Nxg6
Nxg6 22. Qxe6+ Kh7 23. Nxf5 1-0